000 11983 a2200745 4500
008 090319t xxu||||| |||| 00| 0 eng d
010 _aB-286011-054
020 _a8103571484
_c340.00
035 _aB-286011-054
037 _bयूनीक पब्लिशर्स
040 _adpl
_bHN
082 _a350
245 _aयूनीक क्विटेसेन्स का लोक प्रशासन:संघ लोक सेवा आयोग/राज्य सिविल सेवा प्रारम्भिक एवं अन्य प्रतियोगी परीक्षाओं हेतु /
_cजे.के.चोपड़ा तथा सत्यप्रकाश द्वारा संपादित
260 _aनई दिल्ली
_bयूनीक पब्लिशर्स
_c2008
270 _a4574/15, 2रा तल पदम चन्द मार्ग अंसारी रोङ दरियागंज
_bनई दिल्ली
_e110002
300 _aXXIV,784पृ
_c24सेमी(अजिल्द)
700 _aचोपड़ा, जे.के.
700 _aसत्यप्रकाश
942 _adpl
_cHN
_k350 / यूनीक
_2ddc
_h350
_mयूनीक
999 _c12171
_d12171